Implementación de un prototipo electrónico de monitoreo y medición del consumo de energía eléctrica de una carga conectada a la línea de tensión secundaria monofásica de una instalación eléctrica residencial

El prototipo de medición de energía desarrollado en este trabajo monográfico tiene la capacidad de medir el consumo de las variables eléctricas de: voltaje, corriente, potencia activa, factor de potencia y energía activa para de esta manera llevar un mejor control del consumo de energía y así...

Full description

Bibliographic Details
Main Author: Lindo Vargas, Roosevelt José
Other Authors: Tutor: Moncada Balmaceda, María Virginia
Format: Tesis Section = Libro
Language:Undetermined
Spanish
Published: Managua UNI 2016
Subjects:
LEADER 01926nam a2200253Ia 4500
008 240830s9999 xx 000 0 und d
040 |a BIBLIOTECA-RUSB/ Mon 621.31 L747 
041 |a spa 
082 |a Mon 621.31 L747 
100 1 |a Lindo Vargas, Roosevelt José 
245 1 0 |a Implementación de un prototipo electrónico de monitoreo y medición del consumo de energía eléctrica de una carga conectada a la línea de tensión secundaria monofásica de una instalación eléctrica residencial 
260 |a Managua  |b UNI  |c 2016 
300 |a 122 p. :il. 
500 |a Contiene: anexos e Incluye: CD. 
502 |a Tesis (Ingeniero Eléctrico) - UNI, 2016. 
520 3 |a El prototipo de medición de energía desarrollado en este trabajo monográfico tiene la capacidad de medir el consumo de las variables eléctricas de: voltaje, corriente, potencia activa, factor de potencia y energía activa para de esta manera llevar un mejor control del consumo de energía y así corroborar el funcionamiento correcto del medidor de energía impuesto por el distribuidor de energía eléctrica del país. El prototipo medidor permite visualizar los datos a través de una pantalla de cristal líquido las variables medidas, muestra la fecha y la hora de la medición y almacena estos datos en una tarjeta de memoria SD Card. La información del dispositivo puede ser constatada a través de una hoja de cálculo usando cualquier aplicación con la peculiaridad de decodificar archivos en coma flotante (.csv). En este caso se utilizó Microsoft Excel donde se reflejan las variables medidas con su respectiva fecha y hora. 
650 7 |a CONSUMO DE ENERGIA ELECTRICA 
650 7 |b  DISTRIBUCION DE ENERGIA ELECTRICA 
650 7 |c  ENERGIA ELECTRICA-COSTOS 
650 7 |d  INSTACIONES ELECTRICAS 
700 1 |a Tutor:  |b Moncada Balmaceda, María Virginia 
942 |c BK  |2 ddc 
991 |a TESIS 
999 |c 20096